Diálogo entre el alcalde constitucional de un lugar de Andalucía y un pastor de luces muy claras, con relación a las actuales ocurrencias de España. (Record no. 153348)

MARC details
000 -LEADER
campo de control de longitud fija 01082nam a2200205 i 4500
001 - NÚMERO DE CONTROL
campo de control 153348
003 - IDENTIFICADOR DE NÚMERO DE CONTROL
campo de control ES-MaACL
005 - FECHA Y HORA DE LA ÚLTIMA TRANSACCIÓN
campo de control 20230906205202.0
008 - DATOS DE LONGITUD FIJA--INFORMACIÓN GENERAL
campo de control de longitud fija 051013s1822 sp |||| | spa d
245 00 - MENCIÓN DEL TÍTULO
Título Diálogo entre el alcalde constitucional de un lugar de Andalucía y un pastor de luces muy claras, con relación a las actuales ocurrencias de España.
260 ## - PUBLICACIÓN, DISTRIBUCIÓN, ETC.
Lugar de publicación, distribución, etc. Madrid :
Nombre del editor, distribuidor, etc. Imp. de E. Aguado,
Fecha de publicación, distribución, etc. [1822]
300 ## - DESCRIPCIÓN FÍSICA
Extensión 1 v. (23, 19, 16, 20, 20, 22, 32, 8 p.) ;
Dimensiones 15 cm.
530 ## - NOTA DISPONIBLE DE FORMULARIO FÍSICO ADICIONAL
Nota de formato físico adicional disponible Disponible en formato digital.
594 ## - Nota al título y mención de responsabilidad
Nota al título y mención de responsabilidad Tít. tomado de la cabecera del texto.
594 ## - Nota al título y mención de responsabilidad
Nota al título y mención de responsabilidad Dividido en ocho partes (siete partes y un suplemento a la séptima parte)
594 ## - Nota al título y mención de responsabilidad
Nota al título y mención de responsabilidad El texto alude a la Guerra de la Independencia de 1808.
651 #4 - PUNTO DE ACCESO ADICIONAL DE MATERIA--NOMBRE GEOGRÁFICO
Nombre geográfico España-
Subdivisión general Historia-
Subdivisión cronológica 1808-1814, Guerra de la Independencia-
Subdivisión de forma Relatos personales.
9 (RLIN) 138809
852 ## - LOCALIZACIÓN
Ubicación ES-MaACL
Número de control de estantería T-1458-F-3
Nota libre - Enc. hol.
-- - Enc. en un vol. facticio
condición física - Ejemp. falto de cub. y port.
856 ## - LOCALIZACIÓN Y ACCESO ELECTRÓNICOS
Identificador Uniforme de Recursos <a href="http://bdh-rd.bne.es/viewer.vm?id=0000132496&page=1 ">http://bdh-rd.bne.es/viewer.vm?id=0000132496&page=1 </a>
Nota pública Biblioteca Digital Hispánica
-- - 1 v. (23, 19, 16, 20 p.)
Holdings
Estatus retirado Estado de pérdida Estado de daño No para préstamo Colección Biblioteca de origen Biblioteca actual Ubicación en estantería Fecha de adquisición Total de préstamos Signatura topográfica completa Código de barras Visto por última vez Precio de reemplazo Tipo de ítem Koha
        Colección de folletos Biblioteca del Ateneo de Madrid Biblioteca del Ateneo de Madrid Depósito folletos 17/01/2008   T-1458-F-3 1160258 23/02/2023 23/02/2023 Folleto